000 00323 a2200109 4500
001 ART_18518
005 20260410161702.0
008 260409a
245 1 0 _aPolítica tributaria para combatir la evasión
100 1 _aSpisso, Rodolfo Roque
773 0 _tRevista Impuestos
_g- Nº 7 (jul. 2012)
_wREV639
999 _c15301
_d15301